| 000 | 00999cam a22002174a 4500 | ||
|---|---|---|---|
| 005 | 20250605164008.0 | ||
| 008 | 250528s ||||||||||||||||||||||||d | ||
| 035 | _a15888 | ||
| 020 | _a8780735623 | ||
| 040 |
_aGR-AtMCL _bgre _dGR-AtMCL _eAACR2 |
||
| 245 | 1 | _aMicrosoft Office Access 2007 / Build Exactly the Skills You Need. Learn at the Pace You Want. | |
| 260 |
_bMicrosoftpress, _c2007 |
||
| 300 | _a316 | ||
| 520 | _aThe smart way to learn Microsoft Office Access 2007 - one step at a time. Includes CD-ROM. Exploring Access 2007, Creating a Database, Populating a Database, Sharing and Reusing Information, Simplifying Data Entry by Using Forms, Locating Specific Information, Keeping Your Information Accurate, Working with Reports, Making Your Database Easy to Use, Securing and Sharing Information, Glossary, Index. | ||
| 700 | 1 |
_aLambert Iii Dow M _91907 |
|
| 700 | 1 |
_aLambert Steve _91908 |
|
| 700 | 1 |
_aPreppernau Joan _91909 |
|
| 942 | _cBK | ||
| 999 |
_c1436 _d1436 |
||